000 00433nam a2200169 i 4500
001 bg
100 1 _aGERSTENKORN, Tadeusz
245 0 _aKombinatoryka i rachunek prawdopodobieństwa /
_cTadeusz Gerstenkorn, Tadeusz Śródka.
250 _aWyd. 6.
260 _aWarszawa,
_c1980.
700 1 _aŚRÓDKA, Tadeusz
040 _cBPK
041 _apol
080 _a519.1
942 _cKS
008 s pl f |000 0 pol
999 _c6643
_d6643
856 _uhttp://koha.tu.koszalin.pl/cgi-bin/koha/opac-detail.pl?biblionumber=6643
_yKatalog online BPK